| 000 | nam a22 7a 4500 | ||
|---|---|---|---|
| 999 |
_c48254 _d48254 |
||
| 005 | 20230328093203.0 | ||
| 008 | 200414b xxu||||| |||| 00| 0 eng d | ||
| 040 | _aANE | ||
| 041 | _aEs | ||
| 100 | _aD. José María, Gorordo Bilbao | ||
| 245 |
_aEl control de la Gestión Pública por los Órganos de Fiscalización externa _b(Análisis empírico del control de la objetividad, transparencia y atención al ciudadano en las entidades locales) _cD. José María,Gorordo Bilbao |
||
| 260 |
_aValencia _c2009 |
||
| 300 | _a879 p. | ||
| 650 | _aGestión Pública | ||
| 650 | _aObjetividad | ||
| 650 | _aTransparencia | ||
| 650 | _aFiscalización Externa | ||
| 856 | _uhttp://documentacion.asambleanacional.gob.ec/alfresco/d/d/workspace/SpacesStore/5bfcc67b-b56f-4c7c-9461-f5fcc59b0f5c/EL%20CONTROL%20DE%20LA%20GESTI%c3%92N%20P%c3%8cBLICA.pdf | ||
| 942 |
_2ddc _cBV _zNr. |
||